Legal Aptitude Workbook (2025-26)/ (Record no. 212145)

MARC details
000 -LEADER
fixed length control field 00759nam a22001937a 4500
005 - DATE AND TIME OF LATEST TRANSACTION
control field 20250707112515.0
010 ## - LCCN (DPL NO)
LC control number ENG-145710
020 ## - INTERNATIONAL STANDARD BOOK NUMBER
International Standard Book Number 9789361592799
Terms of availability 620.00
035 ## - SYSTEM CONTROL NUMBER
System control number EN-129242
037 ## - SOURCE OF ACQUISITION
Source of stock number/acquisition DBAD
082 ## - DEWEY DECIMAL CLASSIFICATION NUMBER
Classification number 000
Edition number 6
245 ## - TITLE STATEMENT
Title Legal Aptitude Workbook (2025-26)/
250 ## - EDITION STATEMENT
Edition statement 6
260 ## - PUBLICATION, DISTRIBUTION, ETC. (IMPRINT)
Place of publication, distribution, etc Noida
Name of publisher, distributor, etc Pearson India Education
Date of publication, distribution, etc 2025
270 ## - ADDRESS
Address 15th Floor, Towe-B, World Trade Tower, Plot No.1, Block-C, Sector-16
City Noida
Postal code 201301
300 ## - PHYSICAL DESCRIPTION
Extent vpp.
Dimensions 25cm(pbk)
500 ## - GENERAL NOTE
General note For Law Entrances (UG & PG) | CLAT, SLAT, BLAT, MAH (CET-LAW), AILET, PU, DU, IPU, UPES & Other UG/PG Law Entrance Exams | Includes Chapter on Family Laws - Hindu and Muslim Laws | Includes CLAT/AILET 2025, 2024
942 ## - ADDED ENTRY ELEMENTS (KOHA)
Source of classification or shelving scheme Dewey Decimal Classification
Item type English Books
Classification part 000
Call number suffix BHA
Holdings
Withdrawn status Lost status Not for loan Collection code Home library Current library Date acquired Source of acquisition Cost, normal purchase price Full call number Barcode Copy number Cost, replacement price Koha item type
      Non-fiction Central Library Central Library 07/07/2025 Delivery of Books Act Division 620.00 000 BHA EN-129242 1 620.00 English Books

© Delhi Public Library
Hit Counter
free hit counter